Vainqueur coupe de France de Volley M - Statistiques

Statistiques générales
  • Ce quiz a été pris 18 fois
  • Le résultat moyen est 26 sur 43
Statistiques - réponses
Année Réponse % Correct
2021 Compétition annulée
100%
1997 Paris UC
100%
1999 Paris Volley
100%
2000 Paris Volley
100%
2001 Paris Volley
100%
2004 Paris Volley
100%
2026 Paris Volley
100%
2003 Tours VB
80%
2005 Tours VB
80%
2006 Tours VB
80%
2009 Tours VB
80%
2010 Tours VB
80%
2011 Tours VB
80%
2013 Tours VB
80%
2014 Tours VB
80%
2015 Tours VB
80%
2019 Tours VB
80%
2023 Tours VB
80%
2018 Tourcoing LM
73%
2025 Tourcoing LM
73%
2024 Nantes-Rezé MV
60%
1985 AS Cannes
53%
1993 AS Cannes
53%
1995 AS Cannes
53%
1998 AS Cannes
53%
2007 AS Cannes
53%
2016 GFC Ajaccio
53%
2017 GFC Ajaccio
53%
1996 Stade poitevin
47%
2002 Stade poitevin
47%
2020 Stade poitevin
47%
2022 Chaumont VB
40%
1990 JSA Bordeaux
40%
2012 Rennes Volley
40%
1988 Arago de Sète
33%
1986 AS Fréjus
27%
1987 AS Fréjus
27%
1989 AS Fréjus
27%
1991 AS Fréjus
27%
1992 AS Fréjus
27%
2008 Beauvais OUC
20%
1984 Asnières Sports
7%
1994 Asnières Sports
7%
Aucun quiz correspondant
Distribution des résultats
% des personnes avec chaque résultat
Percentile par nombre de réponses
Votre historique - résultats
Vous n’avez pas pris ce quiz